قانون الإجراءات الجنائية : (Record no. 76666)
[ view plain ]
| 000 -LEADER | |
|---|---|
| fixed length control field | 01481nam a22003017i 4500 |
| 003 - CONTROL NUMBER IDENTIFIER | |
| control field | EG-GICUC |
| 005 - DATE AND TIME OF LATEST TRANSACTION | |
| control field | 20260512125201.0 |
| 008 - FIXED-LENGTH DATA ELEMENTS--GENERAL INFORMATION | |
| fixed length control field | 260512s2015 |||||||| |||| 00| 0 ara d |
| 040 ## - CATALOGING SOURCE | |
| Original cataloging agency | EG-GICUC |
| Language of cataloging | ara |
| Transcribing agency | EG-GICUC |
| Modifying agency | EG-GICUC |
| Description conventions | rda |
| 043 ## - GEOGRAPHIC AREA CODE | |
| Geographic area code | f-ua--- |
| 082 04 - DEWEY DECIMAL CLASSIFICATION NUMBER | |
| Edition number | 21 |
| Classification number | 343.3 |
| 092 04 - LOCALLY ASSIGNED DEWEY CALL NUMBER (OCLC) | |
| Edition number | 21 |
| 099 ## - LOCAL FREE-TEXT CALL NUMBER (OCLC) | |
| Classification number | Law1 10 343.3 ر ض . ق 2015 |
| 100 0# - MAIN ENTRY--PERSONAL NAME | |
| Personal name | رضا السيد عبدالعاطي |
| 245 10 - TITLE STATEMENT | |
| Title | قانون الإجراءات الجنائية : |
| Remainder of title | رقم 150 لسنة 1950 المعدل بالقانون رقم 95 لسنة 2003 والقانون رقم 145 لسنة 2006 والقانون رقم 74 لسنة 2007 والقانون رقم 153 لسنة 2007 والمعدل بالقرار الجمهوري رقم 83 لسنة 2013 وقرار رئيس الجمهورية بالقانون 3138 لسنة 2014 / |
| Statement of responsibility, etc. | رضا السيد عبدالعاطي. |
| 264 ## - PRODUCTION, PUBLICATION, DISTRIBUTION, MANUFACTURE, AND COPYRIGHT NOTICE | |
| Place of production, publication, distribution, manufacture | القاهرة: |
| Name of producer, publisher, distributor, manufacturer | الشرق الأوسط للإصدارات القانونية, |
| Date of production, publication, distribution, manufacture, or copyright notice | [2015?] |
| 300 ## - PHYSICAL DESCRIPTION | |
| Extent | 195 صفحة |
| Dimensions | 24 سم |
| 336 ## - CONTENT TYPE | |
| Source | rda content |
| Content type term | text |
| 337 ## - MEDIA TYPE | |
| Source | rda media |
| Media type term | Computer |
| 338 ## - CARRIER TYPE | |
| Source | rda carrier |
| Carrier type term | Online Resource |
| 490 ## - SERIES STATEMENT | |
| Materials specified | سلسلة الوجيز في التعليق القضائي على التشريعات المصرية |
| 546 ## - LANGUAGE NOTE | |
| Language note | النص باللغة العربية |
| 650 14 - SUBJECT ADDED ENTRY--TOPICAL TERM | |
| Topical term or geographic name entry element | قانون الإجراءات الجنائية |
| Source of heading or term | qrmak |
| 651 1# - SUBJECT ADDED ENTRY--GEOGRAPHIC NAME | |
| Source of heading or term | qrmak |
| 856 40 - ELECTRONIC LOCATION AND ACCESS | |
| Uniform Resource Identifier | <a href="https://fll.law.cu.edu.eg/fulltext/bks/B10-12143.pdf">https://fll.law.cu.edu.eg/fulltext/bks/B10-12143.pdf</a> |
| 905 ## - Cataloger and Reviser Names | |
| Cataloger Name: | Radwa |
| 942 ## - ADDED ENTRY ELEMENTS (KOHA) | |
| Source of classification or shelving scheme | Dewey Decimal Classification |
| Koha item type | Books |
| Edition | 21 |
| Suppress in OPAC | No |
| Withdrawn status | Lost status | Source of classification or shelving scheme | Damaged status | Not for loan | Collection | Home library | Current library | Date acquired | Total checkouts | Full call number | Barcode | Date last seen | Price effective from | Koha item type |
|---|---|---|---|---|---|---|---|---|---|---|---|---|---|---|
| Dewey Decimal Classification | Not for loan | القانون الجنائي | جــــامعة القــاهرة | مكتبة كلية الحقوق - المبنى الرئيسي | 12.05.2026 | Law1 10 343.3 ر ض . ق 2015 1012143 C1 | B10-12143 | 12.05.2026 | 12.05.2026 | Books |